02566nkc a2200373za 450000100060000000300040000600500170001000700070002700800410003404000240007510000410009924500300014026000240017030001010019450002600029550001920055550000650074750001340081250001690094650400520111550500290116751001510119651002100134756101300155761000420168765100260172965500400175570000600179585200120185585601500186794200250201795201330204299900170217584465OSt20260318153301.0kh boc250410s19101911sp ||||| ||||||0| i|spa d aM-RABAbspacM-RABA1 aElorza, Lorenzod(1861-1931)911106810aGojainb: Puertac/ L. E. c[ca. 1910 – 1911] a1 fotografía b: gelatina de platac; imagen 12 x 16,5 cme; soporte secundario 21,5 x 26,5 cm aVista de la portada de la iglesia parroquial de Santa Ana en Gojain, situada en su antiguo emplazamiento del lado sur y compuesta por un arco apuntado y cuatro arquivoltas molduradas. Federico Baraibar figura apoyado en uno de los apeos junto a la puerta. aFotografía montada sobre soporte secundario de cartulina azul enmarcada con orla en relieve. Título y numeración manuscrita que hace referencia a la posición en la serie “84”. aSello con monograma del fotógrafo en tinta roja “L.E.” aFechas tomadas de la ejecución del positivo de las fotografías, incluido el soporte secundario. (Soto Madrazo, Javier. 2008). aForma parte de un conjunto de 167 fotografías empleadas por Federico Baráibar Zumárraga para la elaboración del Inventario del Románico en Álava (1911). aBaraibar, F.: "Rincones artísticos", M. 1914. aGojain.- Puerta. / L. E. aDescripción tomada de: Soto Madrazo, Javier (2008). Federico Baraibar y el Inventario del Románico en Álava: una caja con 167 fotografías. aEsta colección fue utilizada posteriormente por Cristóbal de Castro para la elaboración y publicación del "Catálogo Monumental de España: provincia de Álava", Madrid, S. de Rivadeneira, 1915. aDonadas junto con la memoria manuscrita a la Academia por el mismo Baraibar (Sesión 12 de febrero de 1912, Archivo: 4-32-1)20aIglesia de Santa Ana (Gojain)9111620 7aÁlava2embne975661 0aFotografías de monumentos91115801 aBaráibar y Zumárraga, Federico d(1851-1918)912926 jFot-193 3Fot-193uhttps://archivoybiblioteca.realacademiabellasartessanfernando.com/cgi-bin/koha/opac-retrieve-file.pl?id=4c58908dd9eb7a4b6344034959deb4be 2ddccFOTOGRAFÍAn0 00102ddc40708FOTOGRAFIAaRABASFbRABASFcDP2d2025-04-10l0oFot-193p1095341r2025-04-10 12:02:14w2025-04-10yFOTOGRAFÍA c84465d84465